00536 a2200097 4500082001600000100001600016245029000032260006800322300003200390650001600422 a363.125 BLI aBliss, Tony aImplementing the Recommendations of the World Report on Road Traffic Injury Prevention Country Guidelines for the Conduct of Road Safety Management Capacity Reviews and the Specification of Lead Agency Reforms, Investment Strategies and Safe System Projects /cTony Bliss, Jeanne Breen aWashington :bThe World Bank Global Road Safety Facility,c2009 axvi, 307p. :bill. ;c30 cm aRoad safety